[Event "DEM U12w 2025"]
[Site "Willingen GER"]
[Date "2025.06.11"]
[Round "5"]
[White "Sniegowski, Victoria"]
[Black "Sobczak, Zuzanna"]
[Result "0-1"]
[Termination "normal"]
[Board "9"]
[WhiteElo "1525"]
[BlackElo "1686"]
[WhiteClock "00:55:12"]
[BlackClock "00:49:47"]
[PlyCount "34"]
[WhiteFideId "34675612"]
[BlackFideId "34670050"]
[EventCountry "GER"]
[EventRounds "9"]
[EventType "swiss"]
[EventDate "2025.06.07"]

1. e4 {[%clk 01:30:59]} c5 {[%clk 01:30:57]} {[%emt 00:00:04]} 2. Nf3 {[%clk
01:31:21]} {[%emt 00:00:08]} Nc6 {[%clk 01:31:23]} {[%emt 00:00:04]} 3. d4
{[%clk 01:31:31]} {[%emt 00:00:21]} cxd4 {[%clk 01:31:48]} {[%emt 00:00:04]} 4.
Nxd4 {[%clk 01:31:52]} {[%emt 00:00:09]} g6 {[%clk 01:32:14]} {[%emt 00:00:04]}
5. Nc3 {[%clk 01:31:56]} {[%emt 00:00:26]} Bg7 {[%clk 01:32:39]} {[%emt
00:00:05]} 6. Be3 {[%clk 01:32:03]} {[%emt 00:00:23]} Nf6 {[%clk 01:32:56]}
{[%emt 00:00:12]} 7. Bc4 {[%clk 01:32:12]} {[%emt 00:00:21]} O-O {[%clk
01:33:16]} {[%emt 00:00:10]} 8. f3 {[%clk 01:30:45]} {[%emt 00:01:58]} d6
{[%clk 01:33:38]} {[%emt 00:00:08]} 9. Qd2 {[%clk 01:30:53]} {[%emt 00:00:19]}
Bd7 {[%clk 01:34:01]} {[%emt 00:00:10]} 10. O-O-O {[%emt 00:00:39]} a6 {[%clk
01:33:43]} {[%emt 00:00:45]} 11. g4 {[%clk 01:25:23]} {[%emt 00:05:53]} b5
{[%clk 01:33:32]} {[%emt 00:00:41]} 12. Bb3 {[%clk 01:22:07]} {[%emt 00:03:37]}
b4 {[%clk 01:29:36]} {[%emt 00:04:35]} 13. Nd5 {[%clk 01:18:22]} {[%emt
00:04:15]} a5 {[%clk 01:27:07]} {[%emt 00:03:00]} 14. h4 {[%clk 01:09:14]}
{[%emt 00:09:38]} Ne5 {[%clk 01:15:45]} {[%emt 00:11:52]} 15. h5 {[%clk
01:03:28]} {[%emt 00:06:16]} a4 {[%clk 01:15:03]} {[%emt 00:01:12]} 16. h6
{[%clk 00:55:20]} {[%emt 00:08:38]} axb3 {[%clk 00:49:47]} {[%emt 00:25:45]}
17. hxg7 {[%clk 00:55:12]} {[%emt 00:00:38]} bxa2 {[%emt 00:08:20]} 0-1

[Event "DEM U12w 2025"]
[Site "Willingen GER"]
[Date "2025.06.11"]
[Round "5"]
[White "Hendler, Felicitas"]
[Black "Heidtkamp, Anna"]
[Result "0-1"]
[Termination "normal"]
[Board "10"]
[WhiteElo "1519"]
[BlackElo "1555"]
[WhiteClock "00:45:48"]
[BlackClock "01:01:45"]
[PlyCount "38"]
[WhiteFideId "34616519"]
[BlackFideId "16269012"]
[EventCountry "GER"]
[EventRounds "9"]
[EventType "swiss"]
[EventDate "2025.06.07"]

1. e4 {[%clk 01:30:47]} {[%emt 00:00:12]} e5 {[%clk 01:30:57]} {[%emt
00:00:03]} 2. f4 {[%clk 01:31:04]} {[%emt 00:00:12]} d5 {[%clk 01:31:21]}
{[%emt 00:00:07]} 3. exd5 {[%clk 01:30:02]} {[%emt 00:01:32]} exf4 {[%clk
01:31:47]} {[%emt 00:00:05]} 4. Nf3 {[%clk 01:29:29]} {[%emt 00:01:02]} Nf6
{[%clk 01:32:14]} {[%emt 00:00:04]} 5. Nc3 {[%clk 01:28:07]} {[%emt 00:01:52]}
Nxd5 {[%clk 01:30:36]} {[%emt 00:02:09]} 6. Nxd5 {[%clk 01:26:53]} {[%emt
00:01:42]} Qxd5 {[%clk 01:30:58]} {[%emt 00:00:08]} 7. d4 {[%clk 01:26:07]}
{[%emt 00:01:16]} Bd6 {[%clk 01:23:16]} {[%emt 00:08:13]} 8. c4 {[%clk
01:25:23]} {[%emt 00:01:14]} Bb4+ {[%clk 01:19:08]} {[%emt 00:04:38]} 9. Kf2
{[%clk 01:21:30]} {[%emt 00:04:21]} Qf5 {[%clk 01:14:07]} {[%emt 00:05:32]} 10.
Qa4+ {[%clk 01:14:18]} {[%emt 00:07:42]} Nc6 {[%clk 01:11:34]} {[%emt
00:03:04]} 11. d5 {[%clk 01:13:03]} {[%emt 00:01:44]} Bc5+ {[%clk 01:11:33]}
{[%emt 00:00:32]} 12. Ke2 {[%clk 01:09:34]} {[%emt 00:03:58]} Bd7 {[%clk
01:05:36]} {[%emt 00:06:28]} 13. dxc6 {[%clk 01:07:01]} {[%emt 00:03:03]} Bxc6
{[%clk 01:06:00]} {[%emt 00:00:06]} 14. Qb3 {[%clk 01:06:44]} {[%emt 00:00:46]}
O-O-O {[%clk 01:03:15]} {[%emt 00:03:15]} 15. Bd2 {[%clk 00:59:00]} {[%emt
00:08:13]} Rhe8+ {[%clk 01:02:39]} {[%emt 00:01:08]} 16. Kd1 {[%clk 00:59:05]}
{[%emt 00:00:24]} Bxf3+ {[%clk 01:02:57]} {[%emt 00:00:13]} 17. Qxf3 {[%clk
00:56:59]} {[%emt 00:02:34]} Be3 {[%clk 01:03:14]} {[%emt 00:00:14]} 18. g4
{[%clk 00:45:50]} {[%emt 00:11:38]} Rxd2+ {[%clk 01:03:14]} {[%emt 00:00:31]}
19. Ke1 {[%clk 00:45:48]} {[%emt 00:00:31]} Qc2 {[%clk 01:01:45]} {[%emt
00:02:00]} 0-1

[Event "DEM U12w 2025"]
[Site "Willingen GER"]
[Date "2025.06.11"]
[Round "5"]
[White "Huang, Flora Yueya"]
[Black "Bacakova, Klara"]
[Result "1-0"]
[Termination "normal"]
[Board "11"]
[WhiteElo "1652"]
[BlackElo "1571"]
[WhiteClock "01:15:26"]
[BlackClock "00:04:03"]
[PlyCount "77"]
[WhiteFideId "533015651"]
[BlackFideId "34605762"]
[EventCountry "GER"]
[EventRounds "9"]
[EventType "swiss"]
[EventDate "2025.06.07"]

1. d4 {[%clk 01:30:59]} d5 {[%clk 01:30:55]} {[%emt 00:00:05]} 2. c4 {[%clk
01:31:25]} {[%emt 00:00:04]} e6 {[%clk 01:31:19]} {[%emt 00:00:06]} 3. Nf3
{[%clk 01:31:36]} {[%emt 00:00:19]} Nf6 {[%clk 01:31:39]} {[%emt 00:00:10]} 4.
Nc3 {[%clk 01:32:01]} {[%emt 00:00:06]} Nbd7 {[%clk 01:32:00]} {[%emt
00:00:09]} 5. e3 {[%clk 01:32:23]} {[%emt 00:00:07]} c5 {[%clk 01:32:00]}
{[%emt 00:00:29]} 6. Bd3 {[%clk 01:29:31]} {[%emt 00:03:23]} dxc4 {[%clk
01:31:13]} {[%emt 00:01:17]} 7. Bxc4 {[%clk 01:29:55]} {[%emt 00:00:07]} cxd4
{[%clk 01:30:19]} {[%emt 00:01:24]} 8. Nxd4 {[%clk 01:29:53]} {[%emt 00:00:31]}
Bc5 {[%clk 01:28:08]} {[%emt 00:02:40]} 9. Na4 {[%clk 01:23:25]} {[%emt
00:06:59]} Bxd4 {[%clk 01:26:06]} {[%emt 00:02:32]} 10. Qxd4 {[%clk 01:23:30]}
{[%emt 00:00:25]} O-O {[%clk 01:24:52]} {[%emt 00:01:45]} 11. Nc3 {[%clk
01:23:41]} {[%emt 00:00:18]} a6 {[%clk 01:23:55]} {[%emt 00:01:27]} 12. a4
{[%clk 01:23:22]} {[%emt 00:00:50]} b6 {[%clk 01:23:21]} {[%emt 00:01:04]} 13.
O-O {[%clk 01:21:57]} {[%emt 00:01:55]} Bb7 {[%clk 01:18:40]} {[%emt 00:05:11]}
14. b3 {[%clk 01:20:22]} {[%emt 00:02:05]} Qc7 {[%clk 01:12:58]} {[%emt
00:06:11]} 15. Ba3 {[%clk 01:19:39]} {[%emt 00:01:13]} Rfd8 {[%clk 01:11:10]}
{[%emt 00:02:18]} 16. Qd6 {[%clk 01:19:36]} {[%emt 00:00:34]} Qxd6 {[%clk
00:53:23]} {[%emt 00:18:16]} 17. Bxd6 {[%clk 01:19:59]} {[%emt 00:00:07]} Rac8
{[%clk 00:53:17]} {[%emt 00:00:36]} 18. Rfd1 {[%clk 01:19:59]} {[%emt
00:00:30]} Re8 {[%clk 00:48:10]} {[%emt 00:05:37]} 19. Rac1 {[%clk 01:19:35]}
{[%emt 00:00:53]} Nc5 {[%clk 00:41:36]} {[%emt 00:07:05]} 20. Bxc5 {[%clk
01:19:40]} {[%emt 00:00:25]} bxc5 {[%clk 00:40:12]} {[%emt 00:01:53]} 21. Rd6
{[%clk 01:19:29]} {[%emt 00:00:40]} Red8 {[%clk 00:35:19]} {[%emt 00:05:25]}
22. Rcd1 {[%clk 01:19:07]} {[%emt 00:00:53]} Rxd6 {[%clk 00:29:06]} {[%emt
00:06:42]} 23. Rxd6 {[%clk 01:19:26]} {[%emt 00:00:11]} g6 {[%clk 00:28:24]}
{[%emt 00:01:12]} 24. h3 {[%clk 01:18:13]} {[%emt 00:01:44]} Rb8 {[%clk
00:23:21]} {[%emt 00:05:33]} 25. a5 {[%clk 01:16:02]} {[%emt 00:02:41]} Ra8
{[%clk 00:19:59]} {[%emt 00:03:51]} 26. Rb6 {[%clk 01:15:38]} {[%emt 00:00:54]}
Ra7 {[%clk 00:15:35]} {[%emt 00:04:54]} 27. Na4 {[%clk 01:15:18]} {[%emt
00:00:50]} Nd7 {[%clk 00:15:20]} {[%emt 00:00:45]} 28. Rd6 {[%clk 01:15:40]}
{[%emt 00:00:08]} Ne5 {[%clk 00:10:52]} {[%emt 00:04:58]} 29. Nxc5 {[%clk
01:15:55]} {[%emt 00:00:15]} Kg7 {[%clk 00:10:11]} {[%emt 00:01:11]} 30. Bxa6
{[%clk 01:15:13]} {[%emt 00:01:11]} Bd5 {[%clk 00:10:08]} {[%emt 00:00:33]} 31.
b4 {[%clk 01:15:35]} {[%emt 00:00:10]} Nc6 {[%clk 00:08:24]} {[%emt 00:02:15]}
32. b5 {[%clk 01:15:53]} {[%emt 00:00:12]} Nxa5 {[%clk 00:08:14]} {[%emt
00:00:40]} 33. b6 {[%clk 01:15:46]} {[%emt 00:00:38]} Re7 {[%clk 00:06:49]}
{[%emt 00:01:54]} 34. e4 {[%clk 01:16:07]} {[%emt 00:00:09]} Ba8 {[%clk
00:06:46]} {[%emt 00:00:33]} 35. Rd8 {[%clk 01:16:03]} {[%emt 00:00:33]} Bc6
{[%clk 00:06:44]} {[%emt 00:00:32]} 36. Rb8 {[%clk 01:16:27]} {[%emt 00:00:07]}
Kf6 {[%clk 00:06:43]} {[%emt 00:00:32]} 37. Rc8 {[%clk 01:15:07]} {[%emt
00:01:49]} Ke5 {[%clk 00:06:25]} {[%emt 00:00:47]} 38. Rc7 {[%clk 01:15:25]}
{[%emt 00:00:12]} Kd6 {[%clk 00:04:03]} {[%emt 00:02:53]} 39. e5+ {[%clk
01:15:26]} {[%emt 00:00:30]} 1-0

[Event "DEM U12w 2025"]
[Site "Willingen GER"]
[Date "2025.06.11"]
[Round "5"]
[White "Didas, Emma"]
[Black "Döscher, Nayla"]
[Result "1/2-1/2"]
[Termination "normal"]
[Board "12"]
[WhiteElo "1461"]
[BlackElo "1495"]
[WhiteClock "00:58:49"]
[BlackClock "00:51:23"]
[PlyCount "42"]
[WhiteFideId "34681612"]
[BlackFideId "34625046"]
[EventCountry "GER"]
[EventRounds "9"]
[EventType "swiss"]
[EventDate "2025.06.07"]

1. e4 {[%clk 01:30:58]} {[%emt 00:00:03]} e5 {[%clk 01:30:59]} 2. Nf3 {[%clk
01:31:22]} {[%emt 00:00:06]} Nc6 {[%clk 01:31:22]} {[%emt 00:00:07]} 3. Bc4
{[%clk 01:31:46]} {[%emt 00:00:06]} Nf6 {[%clk 01:31:46]} {[%emt 00:00:07]} 4.
d3 {[%clk 01:32:10]} {[%emt 00:00:05]} Bc5 {[%clk 01:30:57]} {[%emt 00:01:19]}
5. c3 {[%clk 01:32:21]} {[%emt 00:00:19]} d6 {[%clk 01:29:38]} {[%emt
00:01:49]} 6. a4 {[%clk 01:32:14]} {[%emt 00:00:37]} a5 {[%clk 01:28:19]}
{[%emt 00:01:49]} 7. Nbd2 {[%clk 01:31:19]} {[%emt 00:01:25]} O-O {[%clk
01:22:57]} {[%emt 00:05:52]} 8. O-O {[%clk 01:30:47]} {[%emt 00:01:02]} Be6
{[%clk 01:21:40]} {[%emt 00:01:46]} 9. Bb3 {[%clk 01:28:26]} {[%emt 00:02:48]}
Qd7 {[%clk 01:19:13]} {[%emt 00:03:00]} 10. Re1 {[%clk 01:25:44]} {[%emt
00:03:12]} h6 {[%clk 01:15:35]} {[%emt 00:04:09]} 11. Nf1 {[%clk 01:24:15]}
{[%emt 00:01:57]} Rfe8 {[%clk 01:13:20]} {[%emt 00:02:47]} 12. Be3 {[%clk
01:21:54]} {[%emt 00:02:50]} Ba7 {[%clk 01:11:26]} {[%emt 00:02:22]} 13. Bxa7
{[%clk 01:19:24]} {[%emt 00:03:03]} Rxa7 {[%clk 01:10:55]} {[%emt 00:01:00]}
14. Bc2 {[%clk 01:18:17]} {[%emt 00:01:36]} Raa8 {[%clk 01:08:36]} {[%emt
00:02:51]} 15. h3 {[%clk 01:14:39]} {[%emt 00:04:09]} Rad8 {[%clk 01:07:33]}
{[%emt 00:01:32]} 16. d4 {[%clk 01:12:54]} {[%emt 00:02:13]} exd4 {[%clk
01:05:28]} {[%emt 00:02:37]} 17. cxd4 {[%clk 01:13:01]} {[%emt 00:00:23]} Bc4
{[%clk 01:03:42]} {[%emt 00:02:15]} 18. Ng3 {[%clk 01:08:28]} {[%emt 00:05:02]}
Ne7 {[%clk 01:00:27]} {[%emt 00:03:47]} 19. Rc1 {[%clk 01:05:19]} {[%emt
00:03:34]} Ba6 {[%clk 00:56:56]} {[%emt 00:04:06]} 20. Bb1 {[%clk 01:00:00]}
{[%emt 00:05:47]} Ng6 {[%clk 00:53:44]} {[%emt 00:03:43]} 21. Qc2 {[%clk
00:58:49]} {[%emt 00:01:41]} Rc8 {[%clk 00:51:23]} {[%emt 00:02:52]} 1/2-1/2

[Event "DEM U12w 2025"]
[Site "Willingen GER"]
[Date "2025.06.11"]
[Round "5"]
[White "Nehrukumar, Rithika"]
[Black "Kübart, Ela Marie"]
[Result "1/2-1/2"]
[Termination "normal"]
[Board "13"]
[WhiteElo "1692"]
[BlackElo "1620"]
[WhiteClock "00:33:52"]
[BlackClock "00:43:34"]
[PlyCount "55"]
[WhiteFideId "34660550"]
[BlackFideId "34633723"]
[EventCountry "GER"]
[EventRounds "9"]
[EventType "swiss"]
[EventDate "2025.06.07"]

1. e4 {[%clk 01:30:57]} {[%emt 00:00:03]} c6 {[%clk 01:30:51]} {[%emt
00:00:10]} 2. d4 {[%clk 01:31:22]} {[%emt 00:00:04]} d5 {[%clk 01:31:17]}
{[%emt 00:00:05]} 3. exd5 {[%clk 01:31:45]} {[%emt 00:00:07]} cxd5 {[%clk
01:31:41]} {[%emt 00:00:06]} 4. Bd3 {[%clk 01:32:06]} {[%emt 00:00:08]} Nf6
{[%clk 01:31:54]} {[%emt 00:00:18]} 5. h3 {[%clk 01:31:17]} {[%emt 00:01:19]}
Nc6 {[%clk 01:30:45]} {[%emt 00:01:39]} 6. c3 {[%clk 01:31:09]} {[%emt
00:00:38]} Qc7 {[%clk 01:29:54]} {[%emt 00:01:20]} 7. Nf3 {[%clk 01:29:31]}
{[%emt 00:02:07]} Bd7 {[%clk 01:29:57]} {[%emt 00:00:29]} 8. Bg5 {[%clk
01:29:14]} {[%emt 00:00:46]} e6 {[%clk 01:28:57]} {[%emt 00:01:31]} 9. Nbd2
{[%clk 01:25:25]} {[%emt 00:04:17]} Bd6 {[%clk 01:27:24]} {[%emt 00:02:04]} 10.
a3 {[%clk 01:23:38]} {[%emt 00:02:17]} O-O {[%clk 01:26:39]} {[%emt 00:01:15]}
11. Bxf6 {[%clk 01:23:07]} {[%emt 00:01:01]} gxf6 {[%clk 01:27:03]} {[%emt
00:00:06]} 12. Qc2 {[%clk 01:15:06]} {[%emt 00:08:31]} f5 {[%clk 01:27:08]}
{[%emt 00:00:24]} 13. g4 {[%clk 01:14:54]} {[%emt 00:00:43]} Ne7 {[%clk
01:18:04]} {[%emt 00:09:35]} 14. Nh4 {[%clk 01:11:09]} {[%emt 00:04:14]} Ng6
{[%clk 01:15:36]} {[%emt 00:02:59]} 15. Nhf3 {[%clk 01:01:08]} {[%emt
00:10:30]} f4 {[%clk 01:12:43]} {[%emt 00:03:23]} 16. h4 {[%clk 01:00:20]}
{[%emt 00:01:19]} f5 {[%clk 01:04:46]} {[%emt 00:08:27]} 17. g5 {[%clk
00:55:16]} {[%emt 00:05:33]} Rf7 {[%clk 00:54:11]} {[%emt 00:11:04]} 18. h5
{[%clk 00:46:36]} {[%emt 00:09:12]} Nh8 {[%clk 00:53:43]} {[%emt 00:00:56]} 19.
Nh4 {[%clk 00:46:34]} {[%emt 00:00:32]} Rg7 {[%clk 00:53:08]} {[%emt 00:01:06]}
20. Rg1 {[%clk 00:45:44]} {[%emt 00:01:19]} Be7 {[%clk 00:49:41]} {[%emt
00:03:59]} 21. Nhf3 {[%clk 00:42:18]} {[%emt 00:03:55]} Qd8 {[%clk 00:47:47]}
{[%emt 00:02:24]} 22. g6 {[%clk 00:34:13]} {[%emt 00:08:34]} hxg6 {[%emt
00:00:57]} 23. hxg6 {[%clk 00:34:03]} {[%emt 00:00:29]} Rxg6 {[%clk 00:46:57]}
{[%emt 00:01:04]} 24. O-O-O {[%clk 00:34:06]} {[%emt 00:00:27]} Kf7 {[%clk
00:43:22]} {[%emt 00:04:07]} 25. Ne5+ {[%clk 00:33:51]} {[%emt 00:00:46]} Kf6
{[%clk 00:43:09]} {[%emt 00:00:42]} 26. Nxg6 {[%clk 00:34:02]} {[%emt
00:00:19]} Nxg6 {[%clk 00:43:33]} {[%emt 00:00:06]} 27. Rg2 {[%clk 00:33:52]}
{[%emt 00:00:40]} Qe8 {[%clk 00:43:34]} {[%emt 00:00:31]} 28. Be2 {[%emt
00:04:17]} 1/2-1/2

[Event "DEM U12w 2025"]
[Site "Willingen GER"]
[Date "2025.06.11"]
[Round "5"]
[White "Kühn, Nicole"]
[Black "Nönnig, Lotte"]
[Result "0-1"]
[Termination "normal"]
[Board "14"]
[WhiteElo "1596"]
[BlackElo "1735"]
[WhiteClock "00:27:26"]
[BlackClock "00:20:21"]
[PlyCount "134"]
[WhiteFideId "34610510"]
[BlackFideId "34611509"]
[EventCountry "GER"]
[EventRounds "9"]
[EventType "swiss"]
[EventDate "2025.06.07"]

1. e4 {[%clk 01:30:27]} {[%emt 00:00:32]} e5 {[%clk 01:30:47]} {[%emt
00:00:13]} 2. Nf3 {[%clk 01:30:38]} {[%emt 00:00:19]} Nc6 {[%clk 01:30:59]}
{[%emt 00:00:18]} 3. Bc4 {[%clk 01:30:28]} {[%emt 00:00:40]} Bc5 {[%clk
01:31:12]} {[%emt 00:00:16]} 4. c3 {[%clk 01:30:23]} {[%emt 00:00:37]} Nf6
{[%clk 01:31:18]} {[%emt 00:00:23]} 5. d3 {[%clk 01:30:04]} {[%emt 00:00:50]}
d6 {[%clk 01:31:20]} {[%emt 00:00:27]} 6. O-O {[%clk 01:25:18]} {[%emt
00:05:16]} a6 {[%clk 01:26:43]} {[%emt 00:05:08]} 7. b4 {[%clk 01:20:58]}
{[%emt 00:04:50]} Ba7 {[%clk 01:27:02]} {[%emt 00:00:11]} 8. h3 {[%clk
01:12:38]} {[%emt 00:08:49]} h6 {[%clk 01:25:37]} {[%emt 00:01:55]} 9. Nbd2
{[%clk 01:09:48]} {[%emt 00:03:21]} Be6 {[%clk 01:23:16]} {[%emt 00:02:51]} 10.
Bxe6 {[%clk 01:07:08]} {[%emt 00:03:09]} fxe6 {[%clk 01:23:32]} {[%emt
00:00:14]} 11. Qb3 {[%clk 01:06:36]} {[%emt 00:01:02]} Qd7 {[%clk 01:21:51]}
{[%emt 00:02:11]} 12. Bb2 {[%clk 01:00:08]} {[%emt 00:06:57]} g5 {[%clk
01:17:54]} {[%emt 00:04:27]} 13. d4 {[%clk 00:58:24]} {[%emt 00:02:13]} g4
{[%clk 01:11:51]} {[%emt 00:06:33]} 14. hxg4 {[%clk 00:55:25]} {[%emt
00:03:30]} Nxg4 {[%clk 01:12:03]} {[%emt 00:00:18]} 15. Rad1 {[%clk 00:49:36]}
{[%emt 00:06:19]} O-O-O {[%clk 01:05:55]} {[%emt 00:06:38]} 16. a4 {[%clk
00:45:47]} {[%emt 00:04:20]} Rhg8 {[%clk 01:04:16]} {[%emt 00:02:09]} 17. b5
{[%clk 00:45:06]} {[%emt 00:01:11]} axb5 {[%clk 01:02:56]} {[%emt 00:01:50]}
18. Qxb5 {[%clk 00:42:12]} {[%emt 00:03:24]} Qg7 {[%clk 01:00:59]} {[%emt
00:02:25]} 19. g3 {[%clk 00:39:42]} {[%emt 00:03:00]} Ne3 {[%clk 00:59:48]} 20.
Rb1 {[%clk 00:38:43]} {[%emt 00:03:11]} Nxf1 {[%clk 00:59:32]} {[%emt
00:00:46]} 21. Kxf1 {[%clk 00:37:42]} {[%emt 00:01:31]} Qd7 {[%clk 00:54:44]}
{[%emt 00:05:17]} 22. Ba3 {[%clk 00:36:08]} {[%emt 00:02:06]} Bb6 {[%clk
00:53:15]} {[%emt 00:01:58]} 23. Nc4 {[%clk 00:31:37]} {[%emt 00:05:01]} exd4
{[%clk 00:48:37]} {[%emt 00:05:08]} 24. cxd4 {[%clk 00:30:54]} {[%emt
00:01:12]} Kb8 {[%clk 00:42:12]} {[%emt 00:06:57]} 25. a5 {[%clk 00:27:29]}
{[%emt 00:03:55]} d5 {[%clk 00:37:50]} {[%emt 00:04:52]} 26. exd5 {[%clk
00:26:00]} {[%emt 00:01:59]} exd5 {[%clk 00:36:49]} {[%emt 00:01:31]} 27. Nxb6
{[%clk 00:23:56]} {[%emt 00:02:34]} cxb6 {[%clk 00:35:25]} {[%emt 00:01:54]}
28. Qxb6 {[%clk 00:21:51]} {[%emt 00:02:35]} Qc7 {[%clk 00:30:04]} {[%emt
00:05:51]} 29. Qc5 {[%clk 00:19:12]} {[%emt 00:03:09]} Nxa5 {[%clk 00:25:17]}
{[%emt 00:05:17]} 30. Ne5 {[%clk 00:16:14]} {[%emt 00:03:28]} Qxc5 {[%clk
00:21:02]} {[%emt 00:04:45]} 31. Bxc5 {[%clk 00:13:01]} {[%emt 00:03:43]} Nc4
{[%clk 00:16:03]} {[%emt 00:05:28]} 32. Nxc4 {[%clk 00:09:58]} {[%emt
00:03:33]} dxc4 {[%clk 00:16:24]} {[%emt 00:00:09]} 33. Rb4 {[%clk 00:10:21]}
{[%emt 00:00:08]} Rg6 {[%clk 00:09:58]} {[%emt 00:06:55]} 34. Rxc4 {[%clk
00:08:38]} {[%emt 00:02:14]} Rc6 {[%clk 00:09:17]} {[%emt 00:01:11]} 35. Rb4
{[%clk 00:07:55]} {[%emt 00:01:12]} Kc7 {[%clk 00:09:02]} {[%emt 00:00:45]} 36.
Be7 {[%clk 00:07:14]} {[%emt 00:01:12]} Rc1+ {[%clk 00:07:26]} {[%emt
00:02:06]} 37. Kg2 {[%clk 00:07:27]} {[%emt 00:00:17]} Re8 {[%clk 00:07:40]}
{[%emt 00:00:13]} 38. Bf6 {[%clk 00:06:54]} {[%emt 00:01:07]} Re2 {[%clk
00:06:34]} {[%emt 00:01:24]} 39. Be5+ {[%clk 00:07:00]} {[%emt 00:00:35]} Kc6
{[%clk 00:06:48]} {[%emt 00:00:16]} 40. Rb3 {[%clk 00:07:02]} {[%emt 00:00:28]}
Rcc2 {[%clk 00:05:33]} {[%emt 00:01:44]} 41. Rf3 {[%clk 00:06:58]} {[%emt
00:00:35]} Kd5 {[%clk 00:04:36]} {[%emt 00:01:26]} 42. Rf7 {[%clk 00:06:34]}
{[%emt 00:00:54]} b5 {[%clk 00:03:59]} {[%emt 00:01:07]} 43. Bg7 {[%clk
00:03:46]} {[%emt 00:03:18]} b4 {[%clk 00:00:39]} {[%emt 00:03:50]} 44. Rb7
{[%clk 00:01:54]} {[%emt 00:02:23]} Rxf2+ {[%clk 00:00:33]} {[%emt 00:00:36]}
45. Kh3 {[%clk 00:02:07]} Kc4 {[%clk 00:27:53]} {[%emt 00:03:24]} 46. Rc7+
{[%clk 00:32:24]} Kb3 {[%clk 00:27:13]} {[%emt 00:01:26]} 47. Rb7 {[%clk
00:32:04]} Rf5 {[%clk 00:24:23]} {[%emt 00:04:07]} 48. Bh8 {[%clk 00:26:55]} h5
{[%clk 00:24:23]} 49. Be5 {[%clk 00:26:55]} Rc4 {[%clk 00:17:17]} {[%emt
00:16:56]} 50. g4 {[%clk 00:22:26]} hxg4 {[%clk 00:17:09]} {[%emt 00:02:59]}
51. Kxg4 {[%clk 00:22:49]} {[%emt 00:00:07]} Rxe5 {[%clk 00:17:27]} {[%emt
00:00:12]} 52. Rd7 {[%clk 00:22:51]} {[%emt 00:00:28]} Re4+ {[%clk 00:17:48]}
{[%emt 00:00:09]} 53. Kf5 {[%clk 00:23:15]} {[%emt 00:00:06]} Rexd4 {[%clk
00:18:05]} {[%emt 00:00:13]} 54. Ra7 {[%clk 00:23:25]} {[%emt 00:00:19]} Rd5+
{[%clk 00:17:52]} {[%emt 00:00:43]} 55. Ke6 {[%clk 00:23:50]} {[%emt 00:00:05]}
Rb5 {[%clk 00:18:01]} {[%emt 00:00:22]} 56. Ra1 {[%clk 00:24:08]} {[%emt
00:00:12]} Rc2 {[%clk 00:17:12]} {[%emt 00:01:19]} 57. Rh1 {[%clk 00:24:00]}
{[%emt 00:00:37]} Ka3 {[%clk 00:17:16]} {[%emt 00:00:26]} 58. Rh3+ {[%clk
00:24:17]} {[%emt 00:00:12]} b3 {[%clk 00:17:21]} {[%emt 00:00:26]} 59. Rd3
{[%clk 00:24:31]} {[%emt 00:00:16]} Ka2 {[%clk 00:17:39]} {[%emt 00:00:13]} 60.
Rd1 {[%clk 00:24:26]} {[%emt 00:00:34]} b2 {[%clk 00:17:47]} {[%emt 00:00:22]}
61. Kd6 {[%clk 00:24:41]} {[%emt 00:00:16]} b1=Q {[%clk 00:18:01]} {[%emt
00:00:16]} 62. Rxb1 {[%clk 00:25:01]} {[%emt 00:00:10]} Rxb1 {[%clk 00:18:22]}
{[%emt 00:00:09]} 63. Kd5 {[%clk 00:25:25]} {[%emt 00:00:05]} Rd1+ {[%clk
00:18:47]} {[%emt 00:00:06]} 64. Ke4 {[%clk 00:25:51]} {[%emt 00:00:04]} Re2+
{[%clk 00:19:11]} {[%emt 00:00:06]} 65. Kf3 {[%emt 00:00:12]} Re8 {[%emt
00:00:04]} 66. Kg2 {[%clk 00:26:41]} {[%emt 00:00:01]} Rf8 {[%clk 00:19:48]}
{[%emt 00:00:16]} 67. Kh2 {[%clk 00:27:26]} {[%emt 00:00:33]} Rg1 {[%clk
00:20:21]} 0-1